| 000 | 00609nam a2200217za 4500 | ||
|---|---|---|---|
| 001 | 6678 | ||
| 003 | OSt | ||
| 005 | 20131204132724.0 | ||
| 007 | ta | ||
| 008 | 131204s2011 esp||||| |||| 00| 0 spa d | ||
| 020 | _a9788488067135 | ||
| 024 |
_2DL _aSE3872011 |
||
| 040 |
_aCDMR _bcat _cCDMR |
||
| 100 | 1 |
_9466 _aCheca, Antonio |
|
| 245 | 1 | 0 |
_aPrensa y partidos políticos durante la II República _cAntonio Checa Godoy |
| 260 |
_aSevilla _bCentro Andaluz del Libro _c2011 |
||
| 300 | _a583 p. | ||
| 490 |
_aDocumentos Andalucía _v10 |
||
| 650 | 0 | 4 |
_94090 _aPremsa i política _zEspanya _x1930-1939 |
| 942 |
_2udc _cMON |
||
| 999 |
_c6678 _d6678 |
||